LEADER 01604nam a2200277 i 4500 001 000000171377 003 CaOOAMICUS 005 20080428000000.0 008 080428s1966 it u000 u ita u 013 $a148808 040 $aSeMil$bita 100 1 $aMaistre, Xavier : de,$d<1763-1852>.$0(OLS)http://semarc/name/10794 240 10$aVoyage autour de ma chambre : Expédition nocturne autour de ma chambre. Les prisonniers du Caucase. La jeune Sibérienne. Le lépreux de la cité d'Aoste.$0(OLS)http://semarc/title/245151 245 10$aRacconti :$bViaggio intorno alla mia camera. Spedizione notturna intorno alla mia camera. I prigionieri del Caucaso. La giovane siberiana. Il lebbroso della città di Aosta /$cXavier De Maistre ; A cura di Alessandro Bruni e Velia Donadei Giacosa. 250 $aNuova edizione. 260 $aTorino :$bUnione Tipografico-Editrice Torinese,$cstampa 1966. 300 $a282 p., [1] p. di ritratto ;$c19 cm. 500 $aFondo Ciprandi. 700 1 $aDonadei Giacosa, Velia.$0(OLS)http://semarc/name/64087 700 1 $aBruni, Alessandro.$0(OLS)http://semarc/name/64086 850 $aSeMil 852 $aSeMil$W1$xVenegono$y1$m1W II 93$j122246$B122246$CSeMilBibl$Z2$F133570 $81 941 1 $a1 961 $aOmaggio: Ciprandi dott. Paolo 996 $6245$aRacconti :$bViaggio intorno alla mia camera. Spedizione notturna intorno alla mia camera. I prigionieri del Caucaso. La giovane siberiana. Il lebbroso della città di Aosta$9(OLS)http://semarc/title/245150 996 $6260$aTorino :$bUnione Tipografico-Editrice Torinese$9(OLS)http://semarc/publisher/29628 LEADER 01085nam a2200241 i 4500 001 000000038872 003 CaOOAMICUS 005 20090714000000.0 008 090714s1947 xx u000 u fre u 013 $a9485 040 $aSeMil$bita 100 1 $aMornet, Daniel <1878-1954>.$0(OLS)http://semarc/name/18737 245 14$aLes origenes intellectuelles de la Révolution française (17151787) /$cDaniel Mornet Professeur de Littérature française à la Sorbonne. 250 $a4. Édition. 260 $aParis :$bLibrairie Armand Colin,$c1947. 300 $a552 p. ;$c25 cm. 500 $aContiene : Bibliographie. - Dono di Mons. Antonio Rimoldi. 650 4$aRivoluzione francese <1789-1799>.$0(OLS)http://semarc/subject/1257 850 $aSeMil 852 $aSeMil$W1$xVenegono$y1$m3C IV 133$j5027$B5027$CSeMilBibl$Z2$F5027 $81 961 $aOmaggio: Rimoldi mons. Antonio 996 $6245$aLes origenes intellectuelles de la Révolution française (17151787)$9(OLS)http://semarc/title/55071 996 $6260$aParis :$bLibrairie Armand Colin$9(OLS)http://semarc/publisher/35163